000 00547cam a2200181 4500500
005 20260329003723.0
041 _afre
042 _adc
100 1 0 _aEchchihab, Camélia
_eauthor
245 0 0 _aMission impensable / Leibniz
260 _c2016.
500 _a61
690 _aLeibniz
690 _aLibre arbitre
690 _aMétaphysique
786 0 _nPhilosophie magazine | 103 | 10 | 2016-10-01 | p. 37-37 | 1951-1787
856 4 1 _uhttps://shs.cairn.info/magazine-philosophie-magazine-2016-10-page-37?lang=fr&redirect-ssocas=7080
999 _c1827048
_d1827048